Inovačná politika v nadväznosti na situáciu v Európskej únii

História a súčasný stav inovačnej politiky na Slovensku a vo svete. Inovačná politika EÚ, 10 kľúčových prvkov únie inovácií. Európske inovačné hodnotenie 2011.

Na minha lista:
Detalhes bibliográficos
Autor principal: Gajdošíková, Katarína
Formato: Capítulo de Livro
Idioma:eslovaco
Assuntos:
Tags: Adicionar Tag
Sem tags, seja o primeiro a adicionar uma tag!

MARC

LEADER 00000nla a2200000 4500
001 0195391
005 20240502073257.2
041 0 |a slo 
044 |a SK 
245 1 0 |a Inovačná politika v nadväznosti na situáciu v Európskej únii  |c Katarína Gajdošíková 
520 |a História a súčasný stav inovačnej politiky na Slovensku a vo svete. Inovačná politika EÚ, 10 kľúčových prvkov únie inovácií. Európske inovačné hodnotenie 2011. 
610 2 0 |a inovácia 
610 2 0 |a politika inovačná 
610 2 0 |a politika 
610 2 0 |a svet 
610 2 0 |a Európska únia 
610 2 0 |a Slovensko 
100 1 |a Gajdošíková, Katarína